Abran cancha que aquí viene don quijote de la mancha /
Guardado en:
| Autor Principal: | |
|---|---|
| Formato: | Libro |
| Publicado: |
Buenos Aires :
Colihue,
2001
|
| Series: | Libros del malabarista
|
| Materias: | |
| Etiquetas: |
Agregar Etiqueta
Sin Etiquetas, Sea el primero en etiquetar este registro!
|
| LEADER | 00747nam a22002535a 4500 | ||
|---|---|---|---|
| 001 | CEM.cems012917 | ||
| 005 | 20080612121628.0 | ||
| 008 | 130507s2001##################000#0#####d | ||
| 003 | CEMS | ||
| 020 | |a 9505815433 | ||
| 082 | 0 | 4 | |a SGA862.4 |
| 100 | 1 | |a Basch, Adela | |
| 245 | 1 | 0 | |a Abran cancha que aquí viene don quijote de la mancha / |c Adela Basch |
| 260 | |a Buenos Aires : |b Colihue, |c 2001 | ||
| 300 | |a 78 p. | ||
| 490 | 0 | |a Libros del malabarista | |
| 653 | |a Literatura | ||
| 653 | |a Literatura argentina | ||
| 653 | |a Literatura infantil | ||
| 653 | |a Teatro | ||
| 653 | |a Teatro infantil | ||
| 653 | |a Biblioteca maría de los angeles saggio | ||
| 653 | |a Teatro argentino | ||
| 859 | |a CEMS |b BIB. CEMS - 11 de abril |h SGA862.4 |i B29 |p 25191.08 |t Ej.1 | ||
